The evolution of betterment in the United Kingdom (Record no. 79638)

MARC details
000 -LEADER
fixed length control field 01181cab a22002295a 4500
001 - CONTROL NUMBER
control field L141875
008 - FIXED-LENGTH DATA ELEMENTS--GENERAL INFORMATION
fixed length control field 080104e2007 xxk f 000 0 eng d
035 ## - SYSTEM CONTROL NUMBER
System control number (Sirsi) u141875
041 0# - LANGUAGE CODE
Language code of text/sound track or separate title eng
100 1# - MAIN ENTRY--PERSONAL NAME
Personal name Andrew, Anthony
245 04 - TITLE STATEMENT
Title The evolution of betterment in the United Kingdom
260 ## - PUBLICATION, DISTRIBUTION, ETC.
Date of publication, distribution, etc. 2007
490 ## - SERIES STATEMENT
Series statement Journal of Retail and Leisure Property
Volume/sequential designation 6(4), 273-280(8)
520 ## - SUMMARY, ETC.
Summary, etc. Examines the position of the planning gain supplement within the history of the UK's revenue collection and planning betterment schemes. Examines legislation used in the past in order to show the origin of planning gain provisions. There have been two main strands of legislation in the past: revenue production, and the achievement of planning aims. Argues that the current legislation satisfies both of these. Aimed at readers interested in current and past planning legislation, policy makers and the betterment debate.
590 ## - LOCAL NOTE (RLIN)
Local note KA
650 24 - SUBJECT ADDED ENTRY--TOPICAL TERM
Topical term or geographic name entry element PLANNING GAIN SUPPLEMENT
651 #4 - SUBJECT ADDED ENTRY--GEOGRAPHIC NAME
Geographic name United Kingdom
Chronological subdivision
690 ## - LOCAL SUBJECT ADDED ENTRY--TOPICAL TERM (OCLC, RLIN)
Topical term or geographic name as entry element ENVIRONMENTAL AND LAND CONSULTANCY-PLANNING AND DEVELOPMENT-PLANNING REFORM
700 1# - ADDED ENTRY--PERSONAL NAME
Personal name Pitt, Michael
Titles and other words associated with a name Sir
700 1# - ADDED ENTRY--PERSONAL NAME
Personal name Tucker, Matthew
942 ## - ADDED ENTRY ELEMENTS (KOHA)
Suppress in OPAC 0
Holdings
Withdrawn status Lost status Source of classification or shelving scheme Damaged status Not for loan Home library Current library Shelving location Date acquired Total Checkouts Full call number Barcode Date last seen Copy number Price effective from Koha item type
    Dewey Decimal Classification     London London Journal article 04/01/2008   L141875 141875-1001 06/08/2019 1 06/08/2019 Journal article